[Event "Casino Open"]
[Site "?"]
[Date "1999.04.09"]
[Round "8"]
[White "Romanishin Oleg M"]
[Black "Goldstern Flip"]
[Result "1-0"]
[WhiteElo "2572"]
[BlackElo "2372"]
[PlyCount "101"]
[EventDate "1999.??.??"]
[Source "www.chesslib.no"]
[SourceDate "2004.05.04"]

1. Nf3 Nf6 2. g3 g6 3. Bg2 Bg7 4. d4 O-O 5. c4 d6 6. O-O a6 7. b3 Nc6 8. Bb2 e5 9. dxe5 Ng4 10. Nc3 Ngxe5 11. Nxe5 Nxe5 12. Qd2 Rb8 13. Rad1 Be6 14. f4 Nc6 15. Ne4 Qe7 16. Bxg7 Kxg7 17. Qc3+ f6 18. Nf2 Nd8 19. e4 Nf7 20. Nd3 c6 21. Rde1 Rbd8 22. Rf2 Bc8 23. h3 Kg8 24. Rfe2 Rfe8 25. Nf2 Bd7 26. Re3 Bc8 27. Bf3 Kg7 28. h4 h6 29. R3e2 Kh7 30. Kg2 Rg8 31. Rh1 Kg7 32. Nd1 h5 33. Ne3 Rde8 34. Rd1 Rd8 35. Kf2 Rge8 36. Red2 Kf8 37. Re2 Kg7 38. b4 Bd7 39. a4 a5 40. b5 Ra8 41. Red2 Red8 42. Rd3 Be8 43. Bxh5 Qxe4 44. Bf3 Qe7 45. Re1 Qf8 46. Ng4 Nh6 47. Nxh6 Kxh6 48. g4 d5 49. cxd5 cxb5 50. g5+ Kh7 51. gxf6 1-0

[Event "Novgorod Open"]
[Site "Novgorod RUS"]
[Date "1995.??.??"]
[Round "9"]
[White "Tregubov, Pavel V"]
[Black "Volzhin, Alexander"]
[Result "1-0"]
[WhiteElo "2515"]
[BlackElo "2425"]
[PlyCount "91"]
[EventDate "1995.05.??"]
[Source "www.chesslib.no"]
[SourceDate "2004.05.04"]

1. Nf3 Nf6 2. g3 g6 3. Bg2 Bg7 4. d4 O-O 5. c4 c5 6. d5 d6 7. O-O b5 8. cxb5 a6 9. bxa6 Nbd7 10. Re1 Nb6 11. e4 Bxa6 12. Qc2 Nfd7 13. Bd2 Nc4 14. Bc3 Nce5 15. Nxe5 Nxe5 16. Nd2 Qb6 17. Bf1 Rfb8 18. b3 Bxf1 19. Rxf1 Qa6 20. a4 Qe2 21. Bxe5 Bxe5 22. Rae1 Qa6 23. Nc4 Bg7 24. e5 Rb7 25. exd6 exd6 26. Na3 Rb4 27. Re4 Rxe4 28. Qxe4 Rc8 29. Re1 Bf8 30. Qc4 Qa5 31. Re2 Rb8 32. Nb5 Qa8 33. Re3 Rd8 34. Nc3 Bg7 35. Nb5 Bh6 36. Re7 Bg5 37. Ra7 Qc8 38. h4 Bh6 39. Qe4 Bf8 40. Qf4 Rd7 41. Qg4 f5 42. Qe2 Rxa7 43. Nxa7 Qb8 44. Qe6+ Kg7 45. Qd7+ Kg8 46. Nb5 1-0

[Event "Cacak"]
[Site "Cacak"]
[Date "1991.??.??"]
[Round "7"]
[White "Pavlovic, Milos"]
[Black "Marinkovic, Ivan"]
[Result "1/2-1/2"]
[WhiteElo "2480"]
[BlackElo "2455"]
[PlyCount "23"]
[EventDate "1991.05.??"]
[Source "ChessBase"]

1. Nf3 Nf6 2. g3 g6 3. Bg2 Bg7 4. O-O O-O 5. d3 d6 6. e4 e5 7. Nbd2 Nbd7 8. a4 a5 9. Nc4 Nc5 10. Be3 Ne6 11. Nfd2 Nd7 12. Nb3 1/2-1/2